00927nam a22002537a 45000010005000000030006000050050017000110080041000280200018000690400029000870500014001160820010001301000021001402450037001612600038001983000044002364900029002805050008003095200252003175210020005695210020005896500031006097000033006405032FISKH20241101113112.0241101b cb ||||| |||| 00| 0 eng d a9781407109374 aFISKHbengcFISKHdFISKH aPZ7.C6837 a813.6 aCollins, Suzanne aMockingjay /cby Suzanne Collins aNew York : bScholastic ;c2010 . a441 pages : billustrations ;c20 cm .  aThe Hunger GamesvBook 3 aT  aKatniss Everdeen's having survived the Hunger games twice makes her a target of the Capitol and President Snow, as well as a hero to the rebels who will succeed only if Katniss is willing to put aside her personal feelings and serve as their pawn.8 a800 bLexile 8 aT bRaz-Plus  adystopianvscience fiction aCarolyn, McCormick eeditor